| 000 | 01506cam a22004094i 4500 | ||
|---|---|---|---|
| 003 | PE-LiUPU | ||
| 005 | 20250731172952.0 | ||
| 008 | 150623s r 000 0 d | ||
| 035 | _a(Sirsi) a21421 | ||
| 040 |
_aPE-LiUPU _bspa _cPE-LiUPU _erda |
||
| 082 | 0 | 4 |
_a261.7 _bE36 _221 |
| 245 | 0 | 4 | _aLos evangelios y el poder politico en America Latina. |
| 264 | 1 |
_aMichigan : _bWilliam B. Eerdmans Publishing Company, _c1986. |
|
| 300 |
_a360 páginas : _bilustraciones, gráficos ; _c21 cm. |
||
| 336 |
_atext _2rdacontent |
||
| 337 |
_aunmediated _2rdamedia |
||
| 338 |
_avolume _2rdacarrier |
||
| 505 | 0 | _aFe cristiana y poder politico. -Estructuras de poder en América Latina. -Corrientes ideológicas en América Latina. -Modelos de acción política. -Declaración de Jarabacoa. | |
| 526 | _aSEG42 | ||
| 526 | _aSEG41 | ||
| 526 | _aSEG40 | ||
| 526 | _aSEG39 | ||
| 526 | _aP94 | ||
| 526 | _aP87 | ||
| 526 | _aP86 | ||
| 526 | _aP85 | ||
| 526 | _aP77 | ||
| 526 | _aP76 | ||
| 526 | _aP35 | ||
| 650 | 0 | 4 |
_aReligion y polítca _zAmérica Latina. |
| 700 | 1 |
_aDeiros, Pablo Alberto, _eed. |
|
| 942 |
_2ddc _cBOOK |
||
| 949 |
_a261.7 E36 _wDEWEY _c1 _i45003 _lCCODEBUL1 _mBUL _p00.00 _r0 _sY _tBOOK _u2015-06-24 _xTEOLOGIA _PP35 _0COMPRA _o.STAFF. Colección General |
||
| 596 | _a1 | ||
| 999 |
_a261.7 E36 _wDEWEY _c21882 _i45003 _f2021-11-10 _g5 _lCCODEBUL1 _mBUL _r0 _sY _tBOOK _u2015-6-24 _xTEOLOGIA _PP35 _0COMPRA _o.STAFF. Colección General _d21882 |
||
| 980 |
_81 _gALBERTO SANCHEZ Responsable de Automatización |
||